Barry Alan Stack v Dehra Anne Dowden (Record no. 75754)

MARC details
000 -LEADER
fixed length control field 01612cab a2200181 4500
001 - CONTROL NUMBER
control field L130641
008 - FIXED-LENGTH DATA ELEMENTS--GENERAL INFORMATION
fixed length control field 050822n2005 000 0 eng u
035 ## - SYSTEM CONTROL NUMBER
System control number (Sirsi) u130641
245 ## - TITLE STATEMENT
Title Barry Alan Stack v Dehra Anne Dowden
260 ## - PUBLICATION, DISTRIBUTION, ETC.
Date of publication, distribution, etc. 2005
520 ## - SUMMARY, ETC.
Summary, etc. [2005] EWCA Civ 857, 13 July 2005. Appeal by (D) against an order confirming that a property (C) purchased by D and her then partner (S) in their joint names was held upon trust between D and S as tenants in common in equal shares. The transfer deed for C had included a clause that the survivor of them was entitled to give a valid receipt for capital money arising out of the disposition of the property. It was not clear if the parties had discussed how they wanted to own the property. D and S later separated. S had submitted that the beneficial joint tenancy had been converted into a beneficial tenancy in common in equal shares by severance and was granted a declaration that the property had been held upon trust by him and D as tenants in common in equal share. "Held": appeal allowed. It was impossible to conclude fairly that the parties' beneficial shares relating to the property should be equal. The judge had failed to give proper weight to the full extent of D's contribution from her own funds in the purchase of C.
590 ## - LOCAL NOTE (RLIN)
Local note IKA300805
650 ## - SUBJECT ADDED ENTRY--TOPICAL TERM
Topical term or geographic name entry element OXLEY V HISCOCK
650 ## - SUBJECT ADDED ENTRY--TOPICAL TERM
Topical term or geographic name entry element STACK V DOWDEN
690 ## - LOCAL SUBJECT ADDED ENTRY--TOPICAL TERM (OCLC, RLIN)
Topical term or geographic name as entry element PROPERTY-RESIDENTIAL PROPERTY-ACQUISITION AND DISPOSAL OF RESIDENTIAL PROPERTY
856 ## - ELECTRONIC LOCATION AND ACCESS
Uniform Resource Identifier <a href="https://www.bailii.org/ew/cases/EWCA/Civ/2005/857.html">https://www.bailii.org/ew/cases/EWCA/Civ/2005/857.html</a>
Public note View the judgment free of charge at www.bailii.org...
942 ## - ADDED ENTRY ELEMENTS (KOHA)
Suppress in OPAC 0
Holdings
Withdrawn status Lost status Source of classification or shelving scheme Damaged status Not for loan Home library Current library Shelving location Date acquired Total Checkouts Full call number Barcode Date last seen Copy number Price effective from Koha item type
    Dewey Decimal Classification     Virtual Virtual Online 22/08/2005   ONLINE PUBLICATION 130641-2001 06/08/2019 1 06/08/2019 Law report